| 000 | 00666nam a2200217 a 4500 | ||
|---|---|---|---|
| 005 | 20240913063819.0 | ||
| 008 | 991125s1982 cr 000 0 spa u | ||
| 020 | _a8489401012 | ||
| 035 | _aUPN01000005125 | ||
| 049 | _aCG | ||
| 050 | 4 |
_aF1406.7 _bA98 |
|
| 245 | 0 | 0 |
_aAutoritarismo y alternativas populares en América Latina / _cDaniel Camacho ... [et al.]. |
| 260 |
_aSan José, C.R. : _bFLACSO, _c1982. |
||
| 300 | _a217 p. | ||
| 440 | 0 | _aColección 25 aniversario | |
| 651 | 4 |
_aAmérica Latina _xPolítica y gobierno _91083 |
|
| 651 | 4 |
_aAmérica Latina _xHistoria _92863 |
|
| 650 | 4 |
_aDemocracia _96020 |
|
| 700 | 1 |
_aCamacho, Daniel, _ecoaut. |
|
| 905 | _aLibro | ||
| 999 |
_c5125 _d5125 |
||